| 000 | 01005nam a22002417a 4500 | ||
|---|---|---|---|
| 003 | NALT | ||
| 005 | 20251125232938.0 | ||
| 008 | s2528 th tha d | ||
| 040 | _aNALT | ||
| 041 | _atha | ||
| 050 | _aJQ1745 ก123ก | ||
| 100 | 0 | _aกนก วงษ์ตระหง่าน | |
| 245 | 1 | 0 | _aการเมืองในระบอบประชาธิปไตย |
| 260 | 3 |
_aกรุงเทพฯ : _bจุฬาลงกรณ์มหาวิทยาลัย, _c2528 |
|
| 300 | _a447 หน้า | ||
| 650 | 0 | 4 | _aไทย -- การเมืองและการปกครอง -- กรุงรัตนโกสินทร์, 2475 |
| 650 | 0 | 4 | _aประวัติศาสตร์จากคำบอกเล่า |
| 650 | 0 | 4 | _aประชาธิปไตย |
| 850 | _aNALT | ||
| 856 | 4 | 0 | _uhttps://hdl.handle.net/20.500.14156/336028 |
| 942 |
_cGB _2lcc |
||
| 999 |
_c40857 _d40857 |
||
| 998 |
_j109 _k อารีรัตน์ วิชาช่าง |
||